| 000 | 00000nam##2200000za#4500 |
| 001 | 9.581556 |
| 003 | CaOODSP |
| 005 | 20210624191555 |
| 007 | cr ||||||||||| |
| 008 | 150406|2015||||xxc|||||o f|0| 0 eng|d |
| 040 | |aCaOODSP|beng |
| 043 | |an-cn--- |
| 086 | 1 |aYC28-0/412-8E-PDF |
| 110 | 1 |aCanada. |bParliament. |bSenate. |bStanding Committee on Aboriginal Peoples. |
| 245 | 10|aHousing on First Nation reserves : |h[electronic resource]|bchallenges and successes / |cThe Honourable Dennis Patterson, Chair; The Honourable Lillian Dyck, Deputy Chair. |
| 260 | |aOttawa - Ontario : |bSenate. |cFebruary 2015. |
| 300 | |a56p.|breferences, photographs |
| 490 | 1 |aReport of the Standing Senate Committee on Aboriginal Peoples|v41st Parliament, 2nd Session, [8th report] |
| 500 | |aInterim Report. |
| 590 | |a15-10|b2015-03-06 |
| 775 | 08|tLa situation du logement dans les Premières Nations : |w(CaOODSP)9.608334 |
| 830 | #0|aReport of the Standing Senate Committee on Aboriginal Peoples ;|v41st Parliament, 2nd Session, [8th report]|w(CaOODSP)9.505264 |
| 856 | 40|ahttp://publications.gc.ca|qPDF|s4126 KB|uhttps://publications.gc.ca/collections/collection_2015/sen/yc28-0/YC28-0-412-8-eng.pdf|y41st Parliament, 2nd Session, [8th report] |